[Event "RUS-ch51"]
[Site "St Petersburg"]
[Date "1998.08.05"]
[Round "9"]
[White "Yevseev, Denis"]
[Black "Morozevich, Alexander"]
[Result "0-1"]
[WhiteElo "2470"]
[BlackElo "2625"]
[Annotator "Huebner,R"]
[PlyCount "88"]
[EventDate "1998.07.28"]
[EventType "swiss"]
[EventRounds "11"]
[EventCountry "RUS"]
[SourceTitle "CBM 067"]
[Source "ChessBase"]
[SourceDate "1998.11.30"]
[SourceVersion "2"]
[SourceVersionDate "1998.11.01"]
[SourceQuality "1"]

1. d4 d5 2. c4 c6 3. Nf3 Nf6 4. Nc3 dxc4 5. a4 Bf5 6. e3 e6 7. Bxc4 Bb4 8. O-O
O-O 9. Nh4 Nbd7 10. f3 Bg6 11. e4 e5 12. dxe5 Nxe5 13. Be2 Nfd7 14. Nxg6 Nxg6
15. f4 {Weiß expandiert im Zentrum und nimmt insbesondere das Feld e5 unter
Kontrolle, so daß der Springer auf g6 in seiner Wirksamkeit stark
eingeschränkt wird. Anspruchsloser ist die Fortsetzung} (15. Be3 $11) 15... Nc5
{Solider ist die Folge} (15... Qe7 16. e5 Rfd8 17. Qb3 a5 18. Be3 Ngf8 19. Kh1
$14 {1/2-1/2 Cebalo,M-Ninov,K/Brocco op 1988 (44)}) 16. Be3 Qa5 17. Qc2 Bxc3
18. bxc3 Rae8 19. e5 f6 20. Bc4+ Kh8 21. Rf3 ({Die Fortsetzung} 21. e6 Nxe6 22.
f5 Nc5 23. fxg6 Rxe3 24. gxh7 Qxc3 {ist nicht empfehlenswert für Weiß.}) (21.
Bb5 {gefolgt von Lb5-d3 nach Wegzug des Springers von c5 war dagegen eine
interessante Möglichkeit. Der Textzug, der den Schwarzen dazu zwingt, den
Druck auf das Zentrum des Weißen aufzugeben, verdient jedoch keinerlei Tadel.})
21... f5 (21... fxe5 22. Qxg6 {wäre ein böser Reinfall.}) 22. Rh3 $6 {Dieser
Angriffsversuch führt zu nichts. Gut war} (22. Rff1 {nebst Tf1-d1. Mir gefällt
die Stellung des Weißen besser, denn sein Läuferpaar und der freie e-Bauer
bilden ein gefährliches Potential. Schwarz kann keine wirksame Blockade
errichten.}) 22... Ne6 23. Qf2 (23. Rf3 $2 {kann nun mit} Nexf4 {beantwortet
werden.}) 23... b5 ({Die Fortsetzung} 23... Qxc3 24. Qa2 {ist zu riskant für
Schwarz}) 24. Be2 $2 {Dies ist zu optimistisch. Nach} (24. Bxe6 Rxe6 25. Qa2
Rfe8 (25... Ree8 26. axb5 Qxc3 27. Qxa7 {mit der Drohung 28.Lc5 sieht noch
ungünstiger für Schwarz aus.}) 26. axb5 Qxc3 27. bxc6 (27. Rc1 Qb4 28. bxc6
Rxc6 {bringt dem Weißen nichts ein.}) 27... Rxc6 28. Qxa7 {hat Weiß
offensichtlich Vorteil, wenn Schwarz sich auch vermutlich halten kann.}) 24...
Qxc3 25. Rc1 $6 (25. Rf1 {war stärker.}) 25... Qb2 26. axb5 cxb5 27. Re1 Rc8 $6
(27... a6 {hielt den Materialvorteil fest.}) 28. Qg3 Kg8 29. Bf3 $2 (29. Bh5 {
mit Rückgewinn des aufgegebenen Bauern war stärker.}) 29... Rfd8 30. Rh5 $2 {
Noch stets war} (30. Bh5 {der angewiesene Zug, um den Druck gegen den Bauern
auf f4 aufzuheben. Weiß operiert nicht glücklich mit seinem Königsturm.}) 30...
Nd4 31. Bd1 Nc2 $19 32. Bxc2 Qxc2 33. h3 b4 34. Kh2 b3 35. Qg5 Nf8 36. Qe7 (36.
Qxf5 g6 37. Qxc2 (37. Qg4 b2) 37... bxc2 38. Rh4 Rd1 $19) 36... Rd7 37. Qa3 b2
38. Qa2+ Kh8 39. Rb1 Rb8 (39... Qe2 {gewinnt eine Figur.}) 40. Rg5 h6 41. Rg3
Rb3 42. e6 Nxe6 43. Qa4 Qxb1 44. Qxb3 Qe4 {Dieser Zug ist ganz unverständlich;
nach 45.Db2: wäre der Ausgang der Partie aufs Neue zweifelhaft, während
beinahe jede andere Fortsetzung mühelos gewinnt. Sicherlich ist die Notation
verderbt.} 0-1

[Event "American Continental 3rd"]
[Site "Buenos Aires"]
[Date "2005.08.13"]
[Round "8"]
[White "Akobian, Varuzhan"]
[Black "Milman, Lev"]
[Result "1-0"]
[WhiteElo "2558"]
[BlackElo "2459"]
[Annotator "Huebner,R"]
[PlyCount "73"]
[EventDate "2005.08.06"]
[EventType "swiss"]
[EventRounds "11"]
[EventCountry "ARG"]
[SourceTitle "CBM 109"]
[Source "ChessBase"]
[SourceDate "2005.11.14"]
[SourceVersion "1"]
[SourceVersionDate "2005.11.14"]
[SourceQuality "1"]

1. d4 d5 2. c4 c6 3. Nc3 Nf6 4. Nf3 dxc4 5. a4 Bf5 6. e3 e6 7. Bxc4 Bb4 8. O-O
Nbd7 9. Nh4 Bg6 10. Be2 Qa5 {Dies ist ein neuer Zug. Der Schwarze wird nun zur
langen Rochade genötigt, weil sonst der Bauer auf b7 nicht gut zu decken ist.
In der vorliegenden Stellung scheint mir diese Spielweise riskant zu sein,
weil der weißfeldrige Läufer auf e2 zu Verteidgungszwecken bereits günstig
steht und Schwarz keinen dauerhaften Griff auf das Feld b4 hat. Klar ist die
Sache aber nicht.- Ich gebe einige Partiebeispiele mit anderen Zügen:} (10...
Rc8 11. g3 O-O 12. Nxg6 hxg6 13. Qb3 Qb6 14. Rd1 Rfd8 15. Na2 Be7 16. Qxb6 Nxb6
17. a5 Nbd5 18. f3 Nb4 19. Nxb4 Bxb4 20. e4 c5 21. Be3 cxd4 22. Rxd4 Rxd4 23.
Bxd4 Bc5 24. Rd1 Bxd4+ 25. Rxd4 Kf8 26. Rb4 Rc7 27. h4 Ke7 28. Kf2 Nd7 29. Ke3
b6 30. axb6 Nxb6 31. Rb5 Kd6 32. Ra5 Nd7 33. b4 Rb7 34. Ra6+ Ke7 35. Ra4 Nb6
36. Ra1 Nd7 37. Ra4 Nb6 38. Ra5 Nd7 {1/2-1/2 Jussupow,A-Khalifman,A/Munich
1992/CBM 030 (38).}) (10... a5 11. Nxg6 hxg6 12. Qc2 Qc7 13. g3 (13. h3 $6 g5
$15 {/\ g4.}) 13... e5 14. Rd1 (14. dxe5 $6 Qxe5 {/\ Qe6-h3}) 14... Rd8 (14...
O-O 15. dxe5 Qxe5 $14 (15... Nxe5 $6 16. f4 Ned7 17. e4 $16)) (14... O-O {
Hertneck}) 15. Bf3 O-O (15... exd4 16. exd4 (16. Rxd4 Ne5 $10) 16... O-O (16...
Nb6 17. Bf4 Qd7 18. Qe2+ $14) 17. Bf4 Qb6 (17... Bd6 $2 18. Nb5 $18) 18. Be3
$14) 16. Na2 $11 {0-1 Kramnik,V-Lautier,J/Pamplona 1992/CBM 033/[Lautier] (42).
(42)}) (10... O-O 11. Nxg6 hxg6 12. Qc2 Qe7 (12... Qb6 13. Rd1 e5 14. dxe5 Nxe5
15. Na2 Be7 16. b4 $14 {Ivanchuk,V-Khalifman,A/Moscow GMA-op/}) 13. Rd1 e5 14.
h3 a5 $13 {Kramnik,V-Huebner,R, Bundesliga 1992} 15. dxe5 Qxe5 16. Bd2 {
0,5/Kramnik,V-Huebner,R/BL 9293/1992/}) 11. Qb3 O-O-O 12. Bd2 (12. Rd1 {
ist vielleicht genauer.}) 12... Kb8 (12... Nc5 13. Qc4 {nützt dem Schwarzen
nichts.}) 13. Rfd1 Ka8 $6 {Schwarz sollte den Abtausch der schwarzfeldrigen
Läufer vermeiden. Deshalb ist} (13... Qb6 {geboten.}) 14. Ne4 Bxd2 (14... Bxe4
15. Bxb4 Qd5 16. Qa3 {überläßt dem Weißen ebenfalls Vorteil.}) 15. Nxd2 {
Auf lange Sicht ist der Angriff des Weißen am Damenflügel viel gefährlicher
als der des Schwarzen am Königsflügel.} Nb6 16. Nxg6 hxg6 17. Qc2 Qf5 $2 {
Wenn der Zug 15...Sb6 irgendwelchen Sinn gehabt haben soll, muß hier} (17...
Nbd5 {geschehen; nach} 18. Nc4 Qc7 19. h3 g5 20. Ne5 {hat Weiß erklecklichen
Vorteil, aber Schwarz kann sich noch wehren.}) 18. e4 Qf4 19. g3 Qc7 (19... Qh6
20. Nf1 {gefolgt von b2-b4 sieht nicht vertrauenerweckender für Schwarz aus.})
20. Nf3 Nbd7 21. b4 {Jetzt ist die Stellung des Schwarzen in strategischer
Hinsicht hoffnungslos.} Rc8 22. Ng5 Nh7 23. Nxf7 Rhf8 24. Ne5 Nxe5 25. dxe5 Ng5
(25... Qxe5 26. f4 Qc7 27. e5 Rh8 28. h4 {führt ebenfalls zu einer
Gewinnstellung für Weiß.} g5 29. hxg5 Nxg5 30. fxg5 Qxe5 31. Kg2 Qxg5 32. Qe4 {
usw.}) 26. f4 Qb6+ 27. Kg2 Qe3 28. Bg4 $18 Nxe4 29. Re1 Qd2+ 30. Qxd2 Nxd2 31.
Bxe6 Rce8 32. Rad1 Rxe6 33. Rxd2 Kb8 34. h4 Kc7 35. Red1 Rf7 36. Rd6 Rfe7 37.
Kf3 1-0

[Event "Dubai op 6th"]
[Site "Dubai"]
[Date "2004.04.22"]
[Round "4"]
[White "Gleizerov, Evgeny"]
[Black "Shanava, Konstantine"]
[Result "1/2-1/2"]
[WhiteElo "2592"]
[BlackElo "2428"]
[Annotator "Huebner,R"]
[PlyCount "70"]
[EventDate "2004.04.19"]
[EventType "swiss"]
[EventRounds "9"]
[EventCountry "UAE"]
[SourceTitle "CBM 101"]
[Source "ChessBase"]
[SourceDate "2004.07.27"]
[SourceVersion "1"]
[SourceVersionDate "2004.07.27"]
[SourceQuality "1"]

1. d4 d5 2. c4 c6 3. Nf3 Nf6 4. Nc3 dxc4 5. a4 Bf5 6. e3 e6 7. Bxc4 Bb4 8. O-O
O-O 9. Nh4 Nbd7 10. Nxf5 exf5 11. Qc2 g6 12. f3 Nb6 13. Bb3 Re8 {Dies ist ein
neuer Zug, der brauchbar zu sein scheint.. Meist wurde hier 13...a5 gespielt,
weil Schwarz den Punkt f7 nicht ohne Aufsicht lassen will. Es folgen einige
Beispiele mit dieser Fortsetzung:} (13... a5 14. Qf2 (14. Kh1 Re8 15. e4 Qxd4
16. exf5 Nbd5 17. fxg6 hxg6 18. Bg5 Kg7 $2 (18... Bxc3 19. bxc3 Qe5 20. f4 Qe4
$13) 19. Rad1 Qe5 20. f4 Qe6 21. f5 $16 {1-0 Gleizerov,E-Djaparidze,D/Katowice
1991/EXT 97 (33). (32)} Qe5 22. Bxd5 Nxd5 23. Nxd5 cxd5 24. Qd3 Rac8 25. Qxd5
Qxd5 26. Rxd5 Rc2 27. fxg6 Kxg6 28. h4 Ree2 29. h5+ Kxh5 30. Be3+ Kg6 31. Rg5+
Kh7 32. Rxf7+ Kh8 33. Bd4+ {1-0 Gleizerov,E-Djaparidze,D/Katowice 1991/EXT 97 
(33)}) 14... Nbd5 (14... c5 15. Na2 c4 16. Bc2 Qd6 17. Nc3 Rfe8 18. Nb5 Qd7 19.
Bd2 Re6 20. Rad1 Nbd5 $11 {1-0 Zaja,I-Rogic,D/Pula 2000/CBM 75 (45). (44)}) (
14... Kg7 15. Bd2 Qd6 16. Rad1 Rad8 17. Kh1 Qe7 ({Die Fortsetzung} 17... Nbd5 {
Huebner,R} 18. Bc2 {ist nicht dazu geeignet, dem Weißen die Durchsetzung von
e3-e4 zu erschweren, zumal der Druck gegen den Bauern auf d4 wegfällt.}) 18.
Rfe1 c5 19. Qh4 c4 (19... Ng8 {Huebner,R Auf} 20. Qg3 {folgt wieder} Nf6 {
; Schwarz wehrt sich.}) 20. Bc2 Nh5 21. Qf2 Qf6 (21... Qd6) 22. e4 fxe4 ({Or} 
22... f4 23. g4 fxg3 24. hxg3 {with solid advantage. Still it was better than
the text move.}) 23. g4 $18 {1-0 Sakaev,K-Kobalija,M/Moscow 1999/CBM 75/
[Kortschnoj] (32). (31)}) (14... Qd7 {Huebner,R} 15. Bd2 Rad8 {mit der Idee,
zur rechten Zeit c6-c5 folgen zu lassen, verdient Untersuchung.}) 15. Bd2 Qb6
16. Rab1 Rae8 17. Rfe1 Bd6 18. Bc4 Qc7 $11 {0-1 Shipov,S-Amonatov,F/Moscow
2002/EXT 2003 (40). (40)}) (13... f4 14. exf4 (14. a5 Nbd5 15. exf4 (15. e4 Ne3
$13) 15... Nxf4) 14... Qxd4+ 15. Kh1 Nbd5 16. Rd1 Qc5 $13) 14. Qf2 Nbd5 15. Bd2
Qa5 $6 (15... Qb6 {sieht genauer aus. Nach} 16. Bc4 Qa5 {Muß Weiß den Bauern
auf a4 opfern, wenn er mit 17.Tac1 fortsetzen will.}) 16. Rac1 Re7 $6 (16...
Qb6 {gefällt mir auch jetzt noch besser; Weiß kommt dann nicht so schnell zu
e3-e4.}) 17. e4 Bxc3 18. Bxc3 Nxc3 19. bxc3 fxe4 $2 {Dies öffnet den Figuren
des Weißen Tür und Tor. Nach} (19... Rae8 20. e5 Nd5 21. f4 Rd7 {ist die
Stellung des Schwarzen unbequem, aber er ist nicht ohne
Verteidigungsmöglichkeiten.}) 20. Qh4 Kg7 ({Nach} 20... g5 21. Qh6 Rae8 22.
fxe4 ({Die Fortsetzung} 22. Qxf6 Re6 23. Bxe6 Rxe6 24. fxe4 Rxf6 25. Rxf6 Qxa4
{ist nicht deutlich.}) 22... Nxe4 23. Rce1 Qd8 24. Rxe4 ({Auch das
Damenendspiel, das nach} 24. Bxf7+ Rxf7 25. Rxf7 Kxf7 26. Qxh7+ Kf8 27. Rxe4
Rxe4 28. Qxe4 {entsteht, dürfte Schwarz nicht retten können.}) 24... Rxe4 25.
Bxf7+ Kh8 26. Bxe8 Rxe8 27. Rf7 Re1+ 28. Kf2 Re2+ 29. Kxe2 Qe8+ 30. Kd3 Qxf7
31. Qxg5 {erhält Weiß ein gewonnenees Damenendspiel. Die gewählte Fortsetzung
ist nicht aussichtsreicher.}) 21. fxe4 g5 {Wenn ein solcher Zug nötig wird,
ist es natürlich zappenduster, aber} (21... Ng8 22. Bxf7 Rxf7 23. Rxf7+ Kxf7
24. Qxh7+ Ke6 25. Qxg6+ Kd7 26. Qg4+ {ist auch keine angenehme Fortsetzung für
Schwarz.}) 22. e5 $2 ({Nach} 22. Qh3 Nxe4 (22... Rxe4 {führt zum Verlust:} 23.
Rxf6 Kxf6 24. Qxh7) 23. Rce1 {ist Schwarz vollkommen hilflos gegen die
zahlreichen Drohungen des Weißen.}) 22... gxh4 23. exf6+ Kh6 ({Die Fortsetzung
} 23... Kg6 24. fxe7 f6 25. Rf3 Re8 26. Re1 {läßt Schwarz ohne Gegenspiel.})
24. fxe7 Qg5 25. Rce1 h3 26. Re2 Re8 27. Rxf7 Qc1+ 28. Kf2 Qxc3 (28... hxg2 {
ist vielleicht besser:} 29. Kxg2 Qg5+ (29... Rg8+ $2 30. Kf3 {, und Weiß
gewinnt.}) (29... Qxc3 30. Re6+ Kg5 31. h4+ Kxh4 32. Rxh7+ Kg5 33. Rg7+ Kf5 34.
Re5+ Kf6 35. Rf7+ Kg6 36. Rf3 Qb2+ 37. Kg3 {Der Angriff des Weißen hat
entscheidende Kraft.}) 30. Kf3 Qh5+ 31. Ke3 Qxf7 32. Bxf7 Rxe7+ 33. Kd3 Rxf7
34. c4 Rd7 {Schwarz sollte das Endspiel halten können.}) 29. Re6+ Kg5 30. Rg7+
Kf5 31. Rf7+ Kg5 32. Rg7+ Kf5 33. g4+ Kf4 34. Rf7+ Kg5 $2 ({Richtig ist} 34...
Kxg4 {. Nach} 35. Bd1+ Kg5 36. Re4 h5 37. Rf8 Rxe7 38. Rxe7 Qxd4+ 39. Re3 b5
40. axb5 cxb5 41. Bc2 {ist es nicht klar, ob Weiß eine zum Sieg ausreichende
Koordination seiner Figuren herstellen kann.}) 35. Rg7+ $2 (35. Bd1 $18 Qxd4+
36. Kg3 Qg1+ 37. Kxh3) 35... Kf4 1/2-1/2

[Event "Moscow Aeroflot op-A"]
[Site "Moscow"]
[Date "2005.02.23"]
[Round "9"]
[White "Filippov, Valerij"]
[Black "Wang, Yue"]
[Result "0-1"]
[WhiteElo "2621"]
[BlackElo "2549"]
[Annotator "Huebner,R"]
[PlyCount "92"]
[EventDate "2005.02.15"]
[EventType "swiss"]
[EventRounds "9"]
[EventCountry "RUS"]
[SourceTitle "CBM 106"]
[Source "ChessBase"]
[SourceDate "2005.06.06"]
[SourceVersion "1"]
[SourceVersionDate "2005.06.06"]
[SourceQuality "1"]

1. Nf3 d5 2. d4 Nf6 3. c4 c6 4. Nc3 dxc4 5. a4 Bf5 6. e3 e6 7. Bxc4 Bb4 8. O-O
Nbd7 9. Nh4 O-O 10. Nxf5 exf5 11. Qc2 Nb6 12. Be2 (12. Bb3 {hält den Läufer
auf einem aktiveren Posten; dennoch dürfte die gute Kontrolle der weißen
Felder im Zentrum dem Schwarzen Ausgleich sichern, zum Beispiel:} Qd7 13. f3 (
13. a5 Nbd5 14. f3 Rfe8 15. Nxd5 Nxd5 16. e4 Nf6 17. Qc4 Bf8 18. exf5 Rad8 19.
Kh1 Re7 20. Qc2 {1/2-1/2 Kramnik,V-Anand,V/Linares 2000/CBM 76 (20).}) 13... a5
(13... Rfe8 14. Kh1 a5 15. Qf2 Nbd5 16. Nxd5 Nxd5 17. Bc2 Nf6 18. Bd2 Bxd2 19.
Qxd2 Nd5 $11 {0-1 Berry,N-Shaw,J/Glasgow 2000/CBM 77 ext (75). (75)}) 14. Kh1
Rae8 15. Bd2 Re7 16. Rae1 Rfe8 17. Re2 Nbd5 18. Rfe1 Nc7 19. Qd3 Ne6 20. Bc4 g6
$11 {1/2-1/2 Sokolov,I-Huebner,R/Istanbul 2000/EXT 2001/[Wells] (36). (36)}) ({
Mit} 12. Bd3 {kann Weiß} g6 {erzwingen, aber der Läufer steht auf d3 nicht
günstig: wenn ein schwarzer Springer auf d5 auttaucht, muß Weiß auf Grund der
Möglichkeit Sd5-b4 ein Tempo verlieren; außerdem ist der Bauer auf d4 nicht so
leicht zu decken, so daß der Plan, f2-f3 nebst e3-e4 zu spielen, sich kaum
verwirklichen läßt.} (12... f4 13. a5 Nbd7 14. e4 {sieht ungünstig für Schwarz
aus.})) 12... Qd7 13. a5 Nbd5 14. a6 {Dies ist ein neuer Zug; Weiß schaltet
damit die Möglichkeit 14...a6 als Antwort auf 14.Ld2 aus (vgl. die Anmerkungen
zur unten zitierten Partie Stefansson,H-Shaw,J.K. EU-chT, 2001.} (14. Bd2 Rfe8
(14... Bd6 $5 {kommt in Betracht.}) (14... a6 {ist auch nicht ohne weiteres
von der Hand zu weisen:} 15. Na4 Bxd2 (15... Bd6 $5) 16. Qxd2 Qe7 {mit
gleichem Spiel.}) 15. a6 b6 16. Nxd5 Nxd5 17. Bxb4 Nxb4 18. Qb3 Qd6 19. Bf3
Rac8 20. Rfc1 g6 21. Rc4 c5 ({Nach} 21... Nd5 22. Rac1 (22. g3 Nf6 23. Rac1 Ne4
24. Qc2 Re6 {ist weniger überzeugend.}) 22... Re6 (22... Re7 {wird mit} 23. Qa3
{beantwortet.}) 23. g3 {ist Schwarz hilflos.}) 22. Bb7 b5 (22... Rc7 {bot
bessere Aussichten auf Widerstand, zum Beispiel} 23. dxc5 bxc5 24. Rd1 Qe6 25.
Qa4 Ree7 26. Qb5 Red7 27. Rcc1 Rd6 {usw.}) ({Nach} 22... Rcd8 23. g3 {wird
Schwarz auf die Dauer Probleme mit der Verteidigung seines c-Bauern bekommen.})
23. Rc3 c4 24. Qa3 Rc7 ({Auch nach} 24... Rcd8 25. b3 {verliert Schwarz einen
Bauern; nach} f4 26. bxc4 fxe3 27. fxe3 bxc4 28. Rxc4 Nd5 29. Qxd6 Rxd6 30.
Bxd5 Rxd5 31. Rc7 {kann er das Endspiel nicht halten.}) 25. Qa5 Nd3 26. Qxb5
Rce7 27. Qxc4 Nxf2 28. Kxf2 Qxh2 29. Qe2 Qh4+ 30. Kg1 Rxe3 31. Rxe3 Qxd4 32.
Ra4 Qxe3+ 33. Qxe3 Rxe3 34. Rc4 {1-0 Stefansson,H-Shaw,J/Leon 2001/CBM 086/
[Huebner,R] (34).}) (14. Bf3 Rfe8 15. a6 b6 16. Qa4 Bxc3 17. bxc3 b5 18. Qb3
Ne4 19. c4 Nb6 20. Be2 Nxc4 21. Bxc4 bxc4 22. Qxc4 Rab8 $11 {1-0 Sambuev,
B-Polyakov,D/St Petersburg 1998/CBM 67 ext (46). (45)}) (14. Rd1 Rfe8 15. Bf3
a6 16. g3 Rad8 17. Ra4 Bf8 18. Rc4 g6 19. Na4 Ne4 20. Nc5 Nxc5 21. dxc5 Qc7 22.
b4 Bg7 23. Bb2 Nf6 24. Rcd4 Rxd4 25. Bxd4 Rd8 26. Qb2 Ne8 27. Bxg7 Nxg7 28. Qf6
Ne6 29. h4 Rxd1+ 30. Bxd1 Qd8 31. Qxd8+ Nxd8 32. Kg2 Kg7 33. f4 Ne6 34. Bb3 h5
35. Kf3 Kf6 36. Ke2 Ke7 37. Kd3 Nf8 38. Bd1 Nd7 39. Bf3 Nf6 40. Kd4 Ne8 41. e4
Ng7 42. e5 {1/2-1/2 Bukal,V-Golubovic,B/Rabac 2004/CBM 100 ext (42).}) 14... b6
15. Bd2 Rac8 (15... Rfe8 {führt in die zitierte Partie Stefansson-Shaw über.
Der Textzug ist viel stärker; Schwarz kann nun 16.Sd5: mit 16...cd5:
beantworten.}) 16. Rfc1 Rfe8 17. Nxd5 cxd5 18. Qd3 Bxd2 19. Qxd2 h5 {Schwarz
hat hier keinerlei Sorgen.} 20. f3 {In der vorliegenden Konstellation hätte
ich diesen Zug vermieden.} (20. Bd3 {führt zum Ausgleich.}) 20... g6 21. h4 $6
{Diese Schwächung des Königsflügels ist schon recht verdächtig.} (21. Rxc8 Rxc8
22. Rc1 {dürfte zum Ausgleich genügen.}) 21... Qd6 22. Bb5 Rf8 23. Rxc8 Rxc8
24. Rc1 $2 {Jetzt fällt der Bauer auf h4, und Schwarz bekommt einen heftigen
Angriff. Ich weiß nicht, ob die Stellung des Weißen nun noch zu retten ist.} (
24. Re1 {sieht vernünftig aus, um} Qg3 {mit} 25. Qf2 Qxf2+ 26. Kxf2 Rc2+ 27.
Re2 {abwehren zu können.}) 24... Rxc1+ 25. Qxc1 Qg3 26. Kf1 ({Die Fortsetzung} 
26. Qd2 Qxh4 27. Qf2 Qg5 {bedeutet auch kein Honiglecken für Weiß.}) 26... Kg7
27. Qc6 $6 ({Vielleicht bietet die Folge} 27. Qe1 Qh2 28. g3 Qxb2 29. Qe2 {
dem Weißen die besten Rettungsaussichten.}) 27... Qh2 28. Qb7 {Jetzt ist der
Versuch passiver Verteidigung schon nicht mehr sinnvoll; aber das Gegenspiel
des Weißen kommt zu spät.} Qh1+ 29. Kf2 Qxh4+ 30. Kf1 Qh1+ 31. Kf2 Qh4+ 32. Kf1
f4 $19 {Der Angriff des Schwarzen hat entscheidende Kraft; der a-Bauer des
Weißen ist nicht schnell genug.} 33. exf4 Qxf4 34. Qxa7 Qc1+ 35. Kf2 Qxb2+ 36.
Be2 (36. Kg3 {verheißt dem Weißen keine Rettung:} Qxb5 37. Qb7 Qf1 38. a7 g5
39. a8=Q {Andere Züge können den Verlust hinauszögern, aber nicht verhindern,
zum Beispiel} (39. Qb8 h4+ 40. Kh3 Nd7 41. Qc7 Qh1+ 42. Qh2 Qa1 43. Qc7 Kg6 44.
Kh2 Nf6 45. Qc2+ Kh5 46. Qf5 Qxa7 47. Qxf6 Qc7+ 48. Kg1 Qc1+ 49. Kf2 Qf4 50.
Qg7 Qf5) 39... h4+ 40. Kh2 g4 41. fxg4 Nxg4+ 42. Kh3 Nf2+ 43. Kxh4 Qh1+ 44. Kg3
Ne4+ 45. Kf3 Qf1+ 46. Kg4 Qxg2+ {nebst matt.}) 36... Qxd4+ 37. Kf1 ({Keine
Rettung bringt} 37. Ke1 Qc3+ 38. Kf2 Qc5+ 39. Ke1 d4 40. Qb7 Qc3+ 41. Kf1 d3
42. Bxd3 (42. a7 Qc1+ 43. Kf2 d2 {mit Gewinn.}) 42... Qxd3+ 43. Kg1 Nd5 44. a7
Ne3 {, und Schwarz setzt matt.}) 37... Qa1+ 38. Kf2 Qd4+ 39. Kf1 h4 40. Qe7 Nh5
41. a7 Ng3+ 42. Ke1 Qc3+ 43. Kf2 Nf5 44. Qb7 Qe3+ 45. Ke1 h3 46. a8=Q hxg2 0-1

[Event "Dortmund SuperGM 27th"]
[Site "Dortmund"]
[Date "1999.07.12"]
[Round "3"]
[White "Sokolov, Ivan"]
[Black "Kramnik, Vladimir"]
[Result "1/2-1/2"]
[WhiteElo "2656"]
[BlackElo "2760"]
[Annotator "Huebner,R"]
[PlyCount "36"]
[EventDate "1999.07.10"]
[EventType "tourn"]
[EventRounds "7"]
[EventCountry "GER"]
[EventCategory "19"]
[SourceTitle "CBM 072"]
[Source "ChessBase"]
[SourceDate "1999.10.01"]
[SourceVersion "1"]
[SourceVersionDate "1999.10.01"]
[SourceQuality "1"]

1. d4 d5 2. c4 c6 3. Nf3 Nf6 4. Nc3 dxc4 5. a4 Bf5 6. e3 e6 7. Bxc4 Bb4 8. O-O
O-O 9. Qb3 Qb6 10. Ne5 c5 11. a5 Bxa5 12. Rxa5 Qxa5 13. Qxb7 cxd4 14. exd4 Qb6
15. Qxa8 Qxd4 16. Nc6 (16. Nxf7 Qxc4 17. Nd6 Qc6 18. Qxc6 Nxc6 {führt
ebenfalls zu einer ausgeglichenen Stellung, obwohl Weiß gewann in der Partie
Kestutis,K-Wessman,R/Helsinki 1990/EXT 97 (42)}) 16... Qxc4 17. Ne7+ (17. Nxb8
Qc7 18. Na6 (18. Nb5 Qb6 {ist nicht günstiger für Weiß.}) 18... Qb6 {überläßt
dem Schwarzen Vorteil.}) 17... Kh8 18. Nxf5 exf5 1/2-1/2